Практическое руководство по выявлению специальных технических средств несанкционированного получения информации

Detalles Bibliográficos
Autor Principal: Бузов Г. А. Геннадий Алексеевич
Summary:Последовательно и в необходимом объеме изложены теоретические и практические вопросы и даны методические рекомендации в области организации и осуществления мероприятий по подготовке и проведению работ по выявлению электронных устройств, предназначенных для негласного получения информации. Описаны физические основы возможных технических каналов утечки как речевой информации, так и информации, обрабатываемой техническими средствами. Изложены назначение, основные характеристики и особенности функционирования специальных технических средств. Рассмотрен пакет методических документов, регламентирующих деятельность в области защиты информации. Приведены методики принятия решения на защиту от утечки информации конфиденциального характера, а также выполнения специальных проверок при проведении поисковых мероприятий. Для специалистов, работающих в области защиты информации, руководителей и сотрудников служб безопасности, а также студентов и слушателей курсов повышения квалификации.
Idioma:ruso
Publicado: Москва, Горячая линия-Телеком, 2010
Subjects:
Formato: MixedMaterials Libro
KOHA link:https://koha.lib.tpu.ru/cgi-bin/koha/opac-detail.pl?biblionumber=191336

MARC

LEADER 00000nam0a2200000 4500
001 191336
005 20231101224339.0
010 |a 9785991201216 
035 |a (RuTPU)RU\TPU\book\208619 
090 |a 191336 
100 |a 20110204d2010 m y0rusy50 ca 
101 0 |a rus 
102 |a RU 
105 |a a j 001zy 
200 1 |a Практическое руководство по выявлению специальных технических средств несанкционированного получения информации  |f Г. А. Бузов 
210 |a Москва  |c Горячая линия-Телеком  |d 2010 
215 |a 240 с.  |c ил. 
320 |a Библиогр.: с. 230-235. 
330 |a Последовательно и в необходимом объеме изложены теоретические и практические вопросы и даны методические рекомендации в области организации и осуществления мероприятий по подготовке и проведению работ по выявлению электронных устройств, предназначенных для негласного получения информации. Описаны физические основы возможных технических каналов утечки как речевой информации, так и информации, обрабатываемой техническими средствами. Изложены назначение, основные характеристики и особенности функционирования специальных технических средств. Рассмотрен пакет методических документов, регламентирующих деятельность в области защиты информации. Приведены методики принятия решения на защиту от утечки информации конфиденциального характера, а также выполнения специальных проверок при проведении поисковых мероприятий. Для специалистов, работающих в области защиты информации, руководителей и сотрудников служб безопасности, а также студентов и слушателей курсов повышения квалификации. 
606 1 |a Подслушивающие устройства  |2 stltpush  |3 (RuTPU)RU\TPU\subj\27919  |9 51570 
606 1 |a Уголовное право   |x Особенная часть  |2 stltpush  |3 (RuTPU)RU\TPU\subj\62452  |9 79528 
610 1 |a информация 
610 1 |a защита 
610 1 |a утечка информации 
610 1 |a технические каналы 
610 1 |a несанкционированный доступ 
610 1 |a закладочные устройства 
610 1 |a диктофоны 
610 1 |a средства обнаружения 
610 1 |a радиомикрофоны 
610 1 |a индикаторы 
610 1 |a электромагнитные излучения 
610 1 |a тепловизоры 
610 1 |a эндоскопы 
610 1 |a досмотровые системы 
610 1 |a радиационный контроль 
686 |a Х628.11  |v LBC/SL-A  |2 rubbk 
700 1 |a Бузов  |b Г. А.  |g Геннадий Алексеевич 
801 1 |a RU  |b 63413507  |c 20110204 
801 2 |a RU  |b 63413507  |c 20131223  |g RCR 
900 |a Защита информации и информационная безопасность 
942 |c BK 
959 |a 44/20110427  |d 1  |e 253,00  |f ЧЗТЛ:1